000 00394nam a22001337a 4500
008 160812b xxu||||| |||| 00| 0 eng d
050 _aBV360.T858 1967
245 _aPraise the Lord
_b:with melody lines
_c/edited by Wilfrid Trotman
250 _arev.ed.
260 _aLondon
_bGeoffrey Chapman
_c1967
300 _a141p.;
_c20cm.
650 _aHymns, Catholic
_925010
942 _2lcc
_cMONOGRAPH
999 _c124990
_d124990